Statistics for Country Shapes in the Map of Asia #1

Click here to take the quiz!

General Stats

  • This quiz has been taken 1,902 times
    (399 since last reset)
  • The average score is 10 of 10

Answer Stats

Country % Correct
India
100%
Indonesia
99%
Japan
99%
Mongolia
99%
Saudi Arabia
99%
Turkey
99%
Kazakhstan
98%
Thailand
98%
Vietnam
97%
Afghanistan
96%

Score Distribution

Percentile by Number Answered

Percent of People with Each Score

Your Score History

You have not taken this quiz since the last reset